საქართველოს სისხლის სამართლის კოდექსი. (ბიბ.ჩანაწერი № 62181)
[ მარტივი ფორმატი ]
| 000 -ლიდერი | |
|---|---|
| ფიქსირებული სიგრძის საკონტროლო ველი | 01330nam a22002057a 4500 |
| 003 - საკონტროლო ნომრის იდენტიფიკატორი | |
| საკონტროლო ველი | Ge_BSU |
| 005 - ბოლო ოპერაციის თარიღი და დრო | |
| საკონტროლო ველი | 20240729153631.0 |
| 008 - ფიქსირებული სიგრძის მონაცემთა ელემენტები - ზოგადი ინფორმაცია | |
| ფიქსირებული სიგრძის საკონტროლო ველი | 240729s2021 ge ||||| |||| 00| 0 geo d |
| 020 ## - წიგნის საერთაშორისო სტანდარტული ნომერი | |
| International Standard Book Number | 9789941506383 |
| 041 ## - ენის კოდი | |
| Language code of text/sound track or separate title | geo |
| 080 ## - უნივერსალური ათობითი კლასიფიკაციის ინდექსი | |
| Universal Decimal Classification number | 343/77 ს-32 |
| 245 ## - ცნობა სათაურის შესახებ | |
| Title | საქართველოს სისხლის სამართლის კოდექსი. |
| Remainder of title | ზოგადი ნაწილი. ტ. 2; კომენტარი (1-ლი-38-ე მუხლები) / |
| Statement of responsibility, etc | კომენტარის ავტორები : ლალი ფაფიაშვილი, ლევან ხარანაული, თემურ ცქიტიშვილი და სხვა. ; სამეც. რედ.-ბი : ნონა თოდუა, მაია ივანიძე, მერაბ ტურავა. |
| 264 ## - წარმოების, გამოცემის, დისტრიბუციის და სხვა ცნობები | |
| გამოცემის, წარმოების, დისტრიბუციის... ადგილი | თბილისი: |
| გამოცემის, წარმოების, დისტრიბუციის... სახელწოდება | ,,კალმოსანი'', |
| გამოცემის, წარმოების, დისტრიბუციის... თარიღი | 2021. |
| 300 ## - ფიზიკური აღწერა | |
| Extent | 653 გვ. ; |
| Other physical details | 29 სმ. |
| 653 ## - INDEX TERM--UNCONTROLLED | |
| Uncontrolled term | სისხლის სამართალი. |
| 653 ## - INDEX TERM--UNCONTROLLED | |
| Uncontrolled term | სამართალი |
| 700 ## - ADDED ENTRY--PERSONAL NAME | |
| Personal name | ფაფიაშვილი, ლალი |
| Relator term | და სხვ. |
| 9 (RLIN) | 4554 |
| 700 ## - ADDED ENTRY--PERSONAL NAME | |
| Personal name | თოდუა, ნონა |
| Relator term | სამეცნიერო რედაქტორი და სხვ. |
| 9 (RLIN) | 5363 |
| 942 ## - ADDED ENTRY ELEMENTS (KOHA) | |
| Source of classification or shelving scheme | |
| Koha item type | წიგნი |
არაა ხელმისაწვდომი ეგზემპლარები.
